| 000 | 00551nam a2200193Ia 4500 | ||
|---|---|---|---|
| 003 | OSt | ||
| 005 | 20240507165423.0 | ||
| 008 | 210210b1977 xxu||||| |||| 00| 0 eng d | ||
| 040 | _cAL | ||
| 041 | _aKannada | ||
| 082 | _aK894.1 PRAA | ||
| 100 |
_aPRAHLADARAV (En). _dಪ್ರಹಲ್ಲಾದರಾವ್ ಏನ್ _9163683 |
||
| 245 |
_aAmalina vachanagalu. _b ಅಮಲಿನ ವಚನಗಳು |
||
| 260 |
_aBengaluru _bManorama Prakashana _c1977 |
||
| 300 | _a64 | ||
| 690 |
_aKannada Poetry _9163684 |
||
| 906 | _a051821 | ||
| 942 |
_2ddc _cBK |
||
| 999 |
_c100028 _d100028 |
||